banner-ar

Egypt's desert dreams : (Record no. 63031)

MARC details
000 -الفاتح
حقل البيانات ثابتة الطول 00834cam a22002535a 4500
005 - وقت وتاريخ اخر تعامل مع التسجيلة
رقم الضبط 20240530110620.0
008 - عناصر البيانات ثابتة الطول - معلومات عامة
حقل البيانات ثابتة الطول 150506s2014 ua 000 0 eng
020 ## - الرقم الدولى المعيارى للكتب
الرقم الدولى المعيارى للكتاب 9789774166686 (hbk.)
020 ## - الرقم الدولى المعيارى للكتب
الرقم الدولى المعيارى للكتاب 977416668X (hbk.)
040 ## - مصدر الفهرسة
وكالة الفهرسة الأصلية DLC
وكالة النسخ DLC
082 04 - رقم تصنيف ديوى العشرى
رقم الطبعة 21
رقم التصنيف 333.715
رقم المادة CC/S E
100 1# - المدخل الرئيسى - إسم شخصى
الإسم الشخصى Sims, David E.,
التواريخ المصاحبة للاسم 1946-
الدور author.
245 10 - بيان العنوان
العنوان Egypt's desert dreams :
بقية العنوان development or disaster? /
بيان المسئوليه,etc David Sims ; foreword by Timothy Mitchell.
300 ## - الوصف المادى
التعداد xxii, 401pages ;
أبعاد الوعاء 24 cm.
650 #0 - المدخل الاضافى بالموضوع-مصطلح موضوعى
مصطلح موضوعي City planning
التقسيم الفرعي الجغرافي Egypt
التقسيم الفرعي العام History
التقسيم الفرعي الزمني 20th century.
650 #0 - المدخل الاضافى بالموضوع-مصطلح موضوعى
مصطلح موضوعي Regional planning
التقسيم الفرعي الجغرافي Egypt
التقسيم الفرعي العام History
التقسيم الفرعي الزمني 20th century.
942 ## - عناصر المدخل الإضافي( كوها)
مصدر التصنيف او مخطط الترفيف Dewey Decimal Classification
Koha [default] item type كتاب
264 #1 -
-- Cairo :
-- The American University in Cairo Press,
-- 2014.
336 ## -
-- text
-- rdacontent
337 ## -
-- unmediated
-- rdamedia
338 ## -
-- volume
-- rdacarrier
Holdings
حالة التراجع حالة الفقد مصدر التصنيف او خطة الترفيف حالة تلف ليس للاعارة المكان المؤقت الموقع الحالى موقع الترفيف تاريخ الاكتساب اجمالي اﻻعارات رقم الطلب الباركود تاريخ اخر مشاهدة تاريخ تفعيل السعر نوع وعاء كوها
    ddc     مكتبة القاهرة الكبرى مكتبة القاهرة الكبرى   12/18/2016   333.715 CC/S E 162977 12/18/2016 12/18/2016 كتاب

Powered By

EGPV